Najczęściej odgadywane miasta według państwa #3 - Statystyki

Ogólne statystyki
  • Ten quiz został rozwiązany 3 180 razy
  • Średni wynik to 19 z 40
Statystyki odpowiedzi
Państwo % Miasto % Poprawnych
Rosja 100 Moskwa
99%
Polska 100 Warszawa
98%
Polska 98 Kraków
97%
Polska 96 Gdańsk
95%
Polska 94 Wrocław
93%
Rosja 96 Petersburg
92%
Polska 92 Poznań
91%
Austria 98 Wiedeń
91%
Turcja 98 Ankara
89%
Turcja 99 Stambuł
89%
Egipt 99 Kair
87%
Arabia Saudyjska 94 Rijad
64%
Nowa Zelandia 98 Wellington
61%
Pakistan 96 Islamabad
58%
Egipt 91 Aleksandria
54%
Austria 85 Salzburg
50%
Nowa Zelandia 100 Auckland
49%
Austria 80 Innsbruck
47%
Austria 77 Graz
46%
Turcja 71 Antalya
42%
Arabia Saudyjska 90 Mekka
40%
Rosja 64 Kazań
38%
Turcja 79 Izmir
35%
Austria 78 Linz
34%
Rosja 58 Wołgograd
30%
Pakistan 97 Karaczi
29%
Arabia Saudyjska 71 Medyna
29%
Rosja 46 Nowosybirsk
25%
Egipt 58 Giza
24%
Nowa Zelandia 84 Christchurch
18%
Egipt 54 Luksor
18%
Turcja 63 Bursa
17%
Arabia Saudyjska 52 Dżudda
15%
Pakistan 96 Lahaur
13%
Egipt 45 Port Said
10%
Nowa Zelandia 62 Hamilton
6%
Pakistan 79 Hajdarabad
5%
Nowa Zelandia 64 Dunedin
4%
Pakistan 79 Rawalpindi
3%
Arabia Saudyjska 21 Tabuk
3%
Nie znaleziono quizów pasujących do podanych kryteriów
Rozkład punktacji
Procent ludzi z każdym wynikiem
Percentyl według liczby udzielonych odpowiedzi
Twoja historia wyników
Nie rozwiązałeś tego quizu